Entrepreneurial function: Text and cases on smaller firms (Record no. 29711)

MARC details
000 -LEADER
fixed length control field 00303nam a2200109Ia 4500
082 ## - DEWEY DECIMAL CLASSIFICATION NUMBER
Classification number 334.72
Item number HOS
100 ## - MAIN ENTRY--AUTHOR NAME
Personal name Hosmer, LaRue
245 #0 - TITLE STATEMENT
Title Entrepreneurial function: Text and cases on smaller firms
260 ## - PUBLICATION, DISTRIBUTION, ETC. (IMPRINT)
Place of publication London
Name of publisher Prentice Hall
Year of publication 1977
942 ## - ADDED ENTRY ELEMENTS (KOHA)
Koha item type Books
Holdings
Withdrawn status Lost status Damaged status Not for loan Home library Current library Date acquired Cost, normal purchase price Full call number Accession Number Koha item type
        RRII Library RRII Library 16/12/2021 15.95 334.72 HOS 10293 Books